<?xml version="1.0" encoding="UTF-8"?>
<record
    xmlns:xsi="http://www.w3.org/2001/XMLSchema-instance"
    xsi:schemaLocation="http://www.loc.gov/MARC21/slim http://www.loc.gov/standards/marcxml/schema/MARC21slim.xsd"
    xmlns="http://www.loc.gov/MARC21/slim">

  <leader>00467    a2200169   4500</leader>
  <controlfield tag="003">OSt</controlfield>
  <controlfield tag="005">20230905120304.0</controlfield>
  <controlfield tag="008">230905b        |||||||| |||| 00| 0 eng d</controlfield>
  <datafield tag="020" ind1=" " ind2=" ">
    <subfield code="a">9788175994225</subfield>
  </datafield>
  <datafield tag="040" ind1=" " ind2=" ">
    <subfield code="c">OCLC</subfield>
  </datafield>
  <datafield tag="082" ind1=" " ind2=" ">
    <subfield code="a">823.1</subfield>
    <subfield code="b">HEN/S</subfield>
  </datafield>
  <datafield tag="100" ind1=" " ind2=" ">
    <subfield code="a">Henry, O</subfield>
    <subfield code="9">5484</subfield>
  </datafield>
  <datafield tag="245" ind1=" " ind2=" ">
    <subfield code="a">O HENRY SELECTED STORIES /	</subfield>
  </datafield>
  <datafield tag="260" ind1=" " ind2=" ">
    <subfield code="a">New Delhi:</subfield>
    <subfield code="b">Finger print classics,</subfield>
    <subfield code="c">2022.</subfield>
  </datafield>
  <datafield tag="300" ind1=" " ind2=" ">
    <subfield code="a">578 p</subfield>
  </datafield>
  <datafield tag="942" ind1=" " ind2=" ">
    <subfield code="2">ddc</subfield>
    <subfield code="c">BK</subfield>
    <subfield code="h">823.1</subfield>
    <subfield code="i">HEN/S</subfield>
    <subfield code="k">823.1</subfield>
    <subfield code="m">HEN/S</subfield>
  </datafield>
  <datafield tag="952" ind1=" " ind2=" ">
    <subfield code="0">0</subfield>
    <subfield code="1">0</subfield>
    <subfield code="2">ddc</subfield>
    <subfield code="4">0</subfield>
    <subfield code="7">0</subfield>
    <subfield code="8">SS</subfield>
    <subfield code="a">MES</subfield>
    <subfield code="b">MES</subfield>
    <subfield code="c">ENG</subfield>
    <subfield code="d">2023-09-07</subfield>
    <subfield code="l">2</subfield>
    <subfield code="m">4</subfield>
    <subfield code="o">823.1 HEN/S</subfield>
    <subfield code="p">42337</subfield>
    <subfield code="r">2025-03-28 14:45:56</subfield>
    <subfield code="s">2025-02-21</subfield>
    <subfield code="v">350.00</subfield>
    <subfield code="w">2023-09-07</subfield>
    <subfield code="y">BK</subfield>
    <subfield code="z">GR13R3</subfield>
  </datafield>
  <datafield tag="999" ind1=" " ind2=" ">
    <subfield code="c">42114</subfield>
    <subfield code="d">42114</subfield>
  </datafield>
</record>
